000 00846cab a22002055a 4500
001 L143571
008 080520e20080516xxkad f s 000 0 eng d
035 _a(Sirsi) u143571
041 0 _aeng
110 2 _aBuilding
_91694
245 0 4 _aThe tracker
_bon the cusp
260 _c2008
490 0 _aBuilding
_v274(8529), 16 May 2008, 66-67(2)
520 _aPresents findings from the Experian Business Strategies March 2008 survey. The Leading activity indicator has fallen to its lowest level since April 1996. Suggests that industry conditions are unlikely to improve in the next quarter. Tables for leading construction activity indicator, work-in-hand and regional outlook.
590 _aKA
650 2 4 _aEXPERIAN CONSTRUCTION INDUSTRY FOCUS
651 4 _aUnited Kingdom
_y
690 _aBUILT ENVIRONMENT-CONSTRUCTION MARKET
942 _n0
999 _c80223
_d80223